000 00267nam a22001097a 4500
999 _c67237
_d67234
082 _aPIE
100 _aPiel,Jonathan
245 _aScientific American:The Molecules Of Life
260 _aNew York
_bScientific American Institute
_c1985
300 _a166p
942 _cBK